Top 119 beliebtesten Vornamen der 1930er - Statistiken

Allgemein
  • Dieses Quiz wurde 21 mal gespielt
  • Das Durchschnittsergebnis liegt bei 73 aus 119
Antwortstatistiken
📍 Vorname % Korrekt
Ad..f ♂️ Adolf
100%
An.a ♀️ Anna
90%
A.f..d ♂️ Alfred
85%
B.ö.n ♂️ Björn
85%
B.r.h..d ♂️ Bernhard
80%
B..g.t.e ♀️ Brigitte
80%
I.g..d ♀️ Ingrid
80%
L..s.l.t.e ♀️ Lieselotte
80%
An..m.r.e ♀️ Annemarie
75%
B..b..a ♀️ Barbara
75%
B..b.l ♀️ Bärbel
75%
Ka.l ♂️ Karl
75%
Ot.o ♂️ Otto
75%
Pa.l ♂️ Paul
75%
An..l.e.e ♀️ Anneliese
70%
B.r.d ♂️ Bernd
70%
Ed..h ♀️ Edith
70%
El.s.b..h ♀️ Elisabeth
70%
E.i.h ♂️ Erich
70%
E.w.n ♂️ Erwin
70%
F.i.d.i.h ♂️ Friedrich
70%
G.o.g ♂️ Georg
70%
Ge.d ♂️ Gerd
70%
G..h..d ♂️ Gerhard
70%
Ha.s ♂️ Hans
70%
H.i.r..h ♂️ Heinrich
70%
H.i.z ♂️ Heinz
70%
H..b..t ♂️ Herbert
70%
J..g.n ♂️ Jürgen
70%
M..g.r..e ♀️ Margarete
70%
M.r.a ♀️ Maria
70%
M.c.a.l ♂️ Michael
70%
P.t.r ♂️ Peter
70%
R..n.r ♂️ Reiner
70%
Ro.f ♂️ Rolf
70%
R.s.m.r.e ♀️ Rosemarie
70%
C.a.l.t.e ♀️ Charlotte
65%
D.v.d ♂️ David
65%
D..t.r ♂️ Dieter
65%
D..t.i.h ♂️ Dietrich
65%
E.f..e.e ♀️ Elfriede
65%
Er..a ♀️ Erika
65%
Er.a ♀️ Erna
65%
E.a ♀️ Eva
65%
G.r.a ♀️ Gerda
65%
G.s..a ♀️ Gisela
65%
G..t.r ♂️ Günter
65%
H.n..l..e ♀️ Hannelore
65%
H.r..d ♂️ Harald
65%
H..m.t ♂️ Helmut
65%
H..m..n ♂️ Hermann
65%
H..d.g..d ♀️ Hildegard
65%
H.r.t ♂️ Horst
65%
Il.e ♀️ Ilse
65%
In.e ♀️ Inge
65%
I.g.b..g ♀️ Ingeborg
65%
I..g..d ♀️ Irmgard
65%
J.m.s ♂️ James
65%
J.t.a ♀️ Jutta
65%
K.r.n ♀️ Karin
65%
K.t.e ♀️ Käthe
65%
M..f..d ♂️ Manfred
65%
M..g.t ♀️ Margot
65%
M..g..t ♀️ Margret
65%
M.r.a..e ♀️ Marianne
65%
R.n..e ♀️ Renate
65%
Ri.a ♀️ Rita
65%
R.d..f ♂️ Rudolf
65%
Ru.h ♀️ Ruth
65%
S.e.f.i.d ♂️ Siegfried
65%
C.r.s.a ♀️ Christa
60%
C.r..t.l ♀️ Christel
60%
El.e ♀️ Elke
60%
F.i.z ♂️ Fritz
60%
Je.n ♀️ Jean
60%
K.a.s ♂️ Klaus
60%
Ku.t ♂️ Kurt
60%
Li.a ♀️ Lisa
60%
L.t..r ♂️ Lothar
60%
Ma.y ♀️ Mary
60%
S.r.h ♀️ Sarah
60%
S.g..d ♀️ Sigrid
60%
U.s..a ♀️ Ursula
60%
U.e ♀️ Ute
60%
U.e ♂️ Uwe
60%
Ve.a ♀️ Vera
60%
W..t.r ♂️ Walter
60%
Eg.n ♂️ Egon
55%
E.n.t ♂️ Ernst
55%
G..t..d ♀️ Gertrud
55%
H.r.y ♂️ Harry
55%
H.l.a ♀️ Helga
55%
H.l.a ♀️ Hella
55%
Jo.n ♂️ John
55%
P.t..c.a ♀️ Patricia
55%
U.r..h ♂️ Ulrich
55%
W..n.r ♂️ Werner
55%
W.l.i ♂️ Willi
55%
An.e ♀️ Anke
50%
H.i.i ♀️ Heidi
50%
J.a.h.m ♂️ Joachim
50%
M.n..a ♀️ Monika
50%
Th.o ♂️ Theo
50%
W..t.a.d ♀️ Waltraud
50%
W.l.g..g ♂️ Wolfgang
50%
H.i.e ♀️ Heike
45%
M.r..n ♀️ Marion
45%
R.n..d ♂️ Ronald
45%
W.l.i.m ♂️ William
45%
Gö.z ♂️ Götz
40%
B.i.n ♂️ Brian
35%
E..h..d ♂️ Eckhard
35%
Jo.n ♀️ Joan
30%
M..g..t ♀️ Margrit
30%
D.r..n ♀️ Doreen
25%
Ju.e ♀️ June
20%
K.n.e.h ♂️ Kenneth
20%
S..i.a ♀️ Sheila
0%
S.i.l.y ♀️ Shirley
0%
Keine übereinstimmenden Quizze gefunden
Verteilung der Resultate
Anzahl Personen mit jedem Resultat
Perzentil nach korrekt beantworteten Fragen
Ihre Resultats-Entwicklung
Sie haben dieses Quiz noch nicht gespielt